Normal view
MARC view
Entry Topical Term
001 - CONTROL NUMBER
- control field: 19293
003 - CONTROL NUMBER IDENTIFIER
- control field: OSt
005 - DATE AND TIME OF LATEST TRANSACTION
- control field: 20201112163012.0
008 - FIXED-LENGTH DATA ELEMENTS
- fixed length control field: 201112|| aca||aabn | a|a d
040 ## - CATALOGING SOURCE
- Original cataloging agency: OSt
- Transcribing agency: OSt
150 ## - HEADING--TOPICAL TERM
- Topical term or geographic name entry element: Sustainable behaviour. Time perspective. traints. Seniors, Older
670 ## - SOURCE DATA FOUND
- Source citation: Work cat.: (OSt): Eastman, J.K. Modi, P. Wilson, S. Gordon, 19292, The impact of future time perspective and personality on the sustainable behaviours of seniors
